000 00442nam a2200169Ia 4500
005 20250508160256.0
008 008 250505s9999 xx 000 0 hin d
037 _aTextual
040 _aFEDL
_beng
_cFEDL
041 _ahin
_2eng
084 _a511, NCE
_qFEDL
245 0 _aGanit
245 0 _cNational Council of Education Research and Training
300 _a131p.
942 _cTEXL
_h511, NCE
999 _c1363317
_d1363317